Спец. вып.; Известия вузов. Цветная металлургия

Podrobná bibliografie
Parent link:Известия вузов. Цветная металлургия=Russian Journal of Non-Ferrous Metals: научно-технический журнал/ Национальный исследовательский технологический университет "МИСиС". Спец. вып..— , 1958-
Jazyk:ruština
Vydáno: 2015
Médium: MixedMaterials Kniha
KOHA link:https://koha.lib.tpu.ru/cgi-bin/koha/opac-detail.pl?biblionumber=547507

MARC

LEADER 00000nam2a2200000 4500
001 547507
005 20231101120125.0
035 |a (RuTPU)RU\TPU\prd\240141 
090 |a 547507 
100 |a 20150819a19589999k y0rusy50 ca 
101 0 |a rus 
102 |a RU 
200 0 |a Спец. вып. 
210 |d 2015 
461 1 |0 (RuTPU)RU\TPU\prd\46067  |t Известия вузов. Цветная металлургия  |l Russian Journal of Non-Ferrous Metals  |o научно-технический журнал  |v Спец. вып.  |f Национальный исследовательский технологический университет "МИСиС"  |d 1958- 
801 0 |a RU  |b 63413507  |c 20010227  |g PSBO 
801 1 |a RU  |b 63413507  |c 20150819 
801 2 |a RU  |b 63413507  |c 20230505  |g RCR 
942 |c BK 
999 |a НТБ_ТПУ  |b НФ  |e -1/20150112  |p П-6307о  |s 6/20141120  |u 0,00  |v 1